[Event "Michigan Senior Reserve"]
[Site "Flint"]
[Date "2005.06.12"]
[Round "3"]
[White "La Forge, Thomas"]
[Black "Roth, Bruce"]
[Result "0-1"]
[WhiteElo "1821"]
[BlackElo "1590"]
[PlyCount "164"]
[EventDate "2005.06.11"]
[EventType "swiss"]
[EventRounds "4"]
[EventCountry "USA"]
[SourceTitle "EXT 2007"]
[Source "ChessBase"]
[SourceDate "2006.11.23"]
[SourceVersion "1"]
[SourceVersionDate "2006.11.23"]
[SourceQuality "1"]

1. e4 c6 2. d4 d5 3. e5 Bf5 4. Nf3 e6 5. Be2 Nd7 6. 0-0 h6 7. Bf4 Rc8 8. Nbd2 a6 9. c4 dxc4 10. Nxc4 b5 11. Ne3 Ne7 12. Nxf5 Nxf5 13. a4 Qb6 14. axb5 axb5 15. g4 Ne7 16. Bd2 Nd5 17. Ba5 Qb7 18. Qb3 Be7 19. Nd2 0-0 20. Nc4 N7b6 21. Nxb6 Nxb6 22. Bf3 Nd5 23. Bxd5 cxd5 24. Bd2 Rc4 25. Be3 Rb4 26. Qa2 Ra4 27. Qb3 Rb4 28. Qa2 Ra4 29. Qb1 Rfa8 30. Rxa4 Rxa4 31. Rc1 Rc4 32. b3 Rc6 33. Kg2 Qc8 34. Rxc6 Qxc6 35. Qb2 Bb4 36. Bd2 Bxd2 37. Qxd2 Qb6 38. Qb4 Qa7 39. Kf3 g5 40. Kg2 Qb6 41. Kf3 Qc6 42. Qd2 Kg7 43. Ke3 f6 44. exf6+ Kxf6 45. Kd3 Qd6 46. h4 Qh2 47. hxg5+ hxg5 48. Qe3 b4 49. Ke2 Qc7 50. Qd2 Qb6 51. f4 gxf4 52. Qxf4+ Ke7 53. g5 Qb5+ 54. Ke3 Qc6 55. Qf6+ Kd7 56. Qf7+ Kd8 57. Qf8+ Kd7 58. Qc5 Qb7 59. g6 Ke8 60. Kf3 Qa6 61. Qxb4 Qd3+ 62. Kf2 Qxg6 63. Qb8+ Kd7 64. Qa7+ Ke8 65. Qc5 Qf5+ 66. Ke2 Qe4+ 67. Kd2 Qf4+ 68. Kc3 Qe3+ 69. Kb4 Qd2+ 70. Kb5 Qd3+ 71. Ka4 Qa6+ 72. Kb4 Kf7 73. Qb5 Qd6+ 74. Ka4 Qe7 75. Qc5 Qd7+ 76. Ka5 Qd8+ 77. Qb6 Qxb6+ 78. Kxb6 e5 79. dxe5 d4 80. Kc5 d3 81. Kd6 d2 82. e6+ Ke8 0-1

[Event "Michigan Senior Reserve"]
[Site "Flint"]
[Date "2005.06.12"]
[Round "4"]
[White "Roth, Bruce"]
[Black "Lehotzky, Attila"]
[Result "0-1"]
[WhiteElo "1590"]
[BlackElo "1937"]
[PlyCount "114"]
[EventDate "2005.06.11"]
[EventType "swiss"]
[EventRounds "4"]
[EventCountry "USA"]
[SourceTitle "EXT 2007"]
[Source "ChessBase"]
[SourceDate "2006.11.23"]
[SourceVersion "1"]
[SourceVersionDate "2006.11.23"]
[SourceQuality "1"]

1. e4 e5 2. Nf3 Nc6 3. d4 exd4 4. Nxd4 Nxd4 5. Qxd4 d6 6. Bc4 Nf6 7. Bg5 Be7 8. Nc3 0-0 9. 0-0 h6 10. Bh4 a6 11. Rad1 b5 12. Be2 Bb7 13. Bxf6 Bxf6 14. Qd3 Re8 15. f3 Be5 16. g3 Qd7 17. b3 Qh3 18. Rf2 h5 19. Bf1 Qe6 20. Nd5 Bxd5 21. exd5 Qf6 22. c4 b4 23. Bh3 Bc3 24. Kg2 Re7 25. Rc1 Rae8 26. Rcc2 Re3 27. Qf5 Qxf5 28. Bxf5 Be1 29. Rf1 Re2+ 30. Rxe2 Rxe2+ 31. Kh1 g6 32. Bb1 Kg7 33. g4 Bd2 34. gxh5 g5 35. Rg1 Bf4 36. Rg2 Rxg2 37. Kxg2 Kh6 38. Bf5 Kxh5 39. h3 Kh6 40. Kf2 Kg7 41. Ke2 Kf6 42. Be4 Ke5 43. Kd3 f5 44. c5 fxe4+ 45. fxe4 dxc5 46. Kc4 Be3 47. Kd3 Kf4 48. a4 bxa3 49. Kc2 Kxe4 50. Kb1 Kxd5 51. Ka2 Bc1 52. Kb1 Bb2 53. Kc2 Kd4 54. Kb1 Kc3 55. Ka2 c6 56. Kb1 Kxb3 57. h4 g4 0-1

[Event "Michigan Senior Reserve"]
[Site "Flint"]
[Date "2005.06.11"]
[Round "1"]
[White "Roth, Bruce"]
[Black "Santiago, Reynaldo"]
[Result "0-1"]
[WhiteElo "1590"]
[BlackElo "2000"]
[PlyCount "110"]
[EventDate "2005.06.11"]
[EventType "swiss"]
[EventRounds "4"]
[EventCountry "USA"]
[SourceTitle "EXT 2007"]
[Source "ChessBase"]
[SourceDate "2006.11.23"]
[SourceVersion "1"]
[SourceVersionDate "2006.11.23"]
[SourceQuality "1"]

1. e4 c5 2. Nf3 e6 3. d4 cxd4 4. Nxd4 Nc6 5. Nxc6 bxc6 6. c4 Nf6 7. Bd3 d5 8. exd5 cxd5 9. cxd5 Nxd5 10. 0-0 Be7 11. Bb5+ Kf8 12. Bc6 Rb8 13. Bxd5 exd5 14. Qd4 a5 15. Nc3 Be6 16. b3 Bf6 17. Qd3 h5 18. Bb2 h4 19. Rad1 Rb7 20. Ba3+ Kg8 21. Nxd5 Rd7 22. Nxf6+ Qxf6 23. Qe2 h3 24. g3 Rh6 25. Rxd7 Bxd7 26. f3 Bc6 27. Bb2 Qf5 28. Qe5 Qg6 29. Qc3 Rh5 30. Rc1 Bb7 31. Kf2 Rf5 32. f4 Rd5 33. Re1 Rd3 34. Qxg7+ Qxg7 35. Bxg7 Kxg7 36. Re2 Kf6 37. Ke1 Rd4 38. Re5 Re4+ 39. Rxe4 Bxe4 40. a3 Kf5 41. b4 axb4 42. axb4 Bc6 43. Kf2 Ke4 44. Ke2 Bb5+ 45. Kf2 f5 46. Kg1 Kf3 47. g4 Kxg4 48. Kf2 Kxf4 49. Kg1 Ke3 50. Kh1 Bc6+ 51. Kg1 f4 52. Kf1 Bg2+ 53. Ke1 f3 54. b5 f2+ 55. Kd1 f1Q+ 0-1

[Event "Michigan Senior"]
[Site "Warren"]
[Date "2003.06.08"]
[Round "3"]
[White "Roth, Bruce"]
[Black "Burwell, Raymond"]
[Result "1-0"]
[WhiteElo "1566"]
[BlackElo "1630"]
[PlyCount "103"]
[EventDate "2003.06.07"]
[EventType "swiss"]
[EventRounds "4"]
[EventCountry "USA"]
[SourceTitle "EXT 2008"]
[Source "ChessBase"]
[SourceDate "2007.11.25"]
[SourceVersion "1"]
[SourceVersionDate "2007.11.25"]
[SourceQuality "1"]

1. e4 e5 2. Nf3 Nc6 3. d4 exd4 4. Nxd4 Nxd4 5. Qxd4 d6 6. Nc3 Nf6 7. Nd5 Be7 8. Nxe7 Qxe7 9. f3 h6 10. Be3 0-0 11. 0-0-0 Be6 12. Kb1 Rfd8 13. Be2 c5 14. Qc3 a6 15. Rd2 b5 16. a3 Qb7 17. b4 a5 18. bxc5 b4 19. Qb2 dxc5 20. Rhd1 Rxd2 21. Rxd2 c4 22. c3 Rb8 23. axb4 axb4 24. cxb4 Qxb4 25. Rd8+ Kh7 26. Rxb8 Qe1+ 27. Bc1 c3 28. Qc2 g6 29. Rd8 Nd7 30. Bb5 Qh4 31. Rxd7 Bxd7 32. Bxd7 Qe7 33. Ba4 Qc7 34. f4 h5 35. Qb3 Kg7 36. Kc2 Qc5 37. Qxc3+ Qxc3+ 38. Kxc3 f6 39. Kd4 Kf7 40. Bb3+ Kg7 41. Kd5 Kf7 42. Kd6+ Kg7 43. Ke7 f5 44. e5 h4 45. e6 h3 46. g3 Kg8 47. Kd8 g5 48. e7+ Kg7 49. e8Q g4 50. Bb2+ Kh6 51. Qh8+ Kg6 52. Qg7+ 1-0

[Event "Michigan Senior"]
[Site "Warren"]
[Date "2003.06.07"]
[Round "1"]
[White "Roth, Bruce"]
[Black "Matias, IC."]
[Result "1/2-1/2"]
[WhiteElo "1566"]
[BlackElo "1745"]
[PlyCount "68"]
[EventDate "2003.06.07"]
[EventType "swiss"]
[EventRounds "4"]
[EventCountry "USA"]
[SourceTitle "EXT 2008"]
[Source "ChessBase"]
[SourceDate "2007.11.25"]
[SourceVersion "1"]
[SourceVersionDate "2007.11.25"]
[SourceQuality "1"]

1. e4 c6 2. d4 d5 3. exd5 cxd5 4. c4 Nf6 5. Nc3 e6 6. Nf3 Be7 7. Be2 0-0 8. 0-0 dxc4 9. Bxc4 a6 10. a3 b5 11. Bb3 Bb7 12. Be3 Nd5 13. Nxd5 Bxd5 14. Bxd5 Qxd5 15. Rc1 Nd7 16. Qe2 Nb6 17. Rc2 Rac8 18. Rfc1 Rxc2 19. Rxc2 Qb7 20. Qd1 Rc8 21. Qc1 Rxc2 22. Qxc2 f6 23. Nd2 Nd5 24. Nb3 Qc7 25. Nc5 Nxe3 26. fxe3 Bxc5 27. dxc5 g6 28. b4 Kf7 29. Qd3 h5 30. g3 f5 31. Qd4 Qc6 32. Qh8 Qe4 33. Qh7+ Kf6 34. Qh8+ Kf7 1/2-1/2

[Event "Michigan Senior"]
[Site "Warren"]
[Date "2002.06.09"]
[Round "4"]
[White "Roth, Bruce"]
[Black "Schey, Daniel"]
[Result "1-0"]
[WhiteElo "1646"]
[BlackElo "1649"]
[PlyCount "69"]
[EventDate "2002.06.08"]
[EventType "swiss"]
[EventRounds "4"]
[EventCountry "USA"]
[SourceTitle "EXT 2009"]
[Source "ChessBase"]
[SourceDate "2008.11.26"]
[SourceVersion "1"]
[SourceVersionDate "2008.11.26"]
[SourceQuality "1"]

1. e4 e5 2. Nf3 Nc6 3. d4 exd4 4. Nxd4 Bc5 5. Be3 Qf6 6. c3 Nge7 7. Qd2 d6 8. Bb5 0-0 9. Nxc6 Bxe3 10. Nxe7+ Qxe7 11. Qxe3 c6 12. Bc4 d5 13. exd5 Qh4 14. Bd3 Bg4 15. 0-0 Rfe8 16. Qd4 Qh5 17. Nd2 Red8 18. Be4 Rd6 19. Bf3 Rh6 20. Qf4 f5 21. Bxg4 fxg4 22. Rae1 Rf8 23. Qg3 Qxd5 24. Re5 Qf7 25. Rg5 Re8 26. Rxg4 Re7 27. Nf3 Rhe6 28. Nd4 h6 29. Nxe6 Rxe6 30. h3 Re2 31. Rf4 Qe7 32. Rf3 Rxb2 33. Re3 Qf7 34. Qf3 Qd7 35. Rd1 1-0

[Event "Michigan Senior"]
[Site "Warren"]
[Date "2002.06.08"]
[Round "2"]
[White "La Forge, Thomas"]
[Black "Roth, Bruce"]
[Result "1-0"]
[WhiteElo "1936"]
[BlackElo "1646"]
[PlyCount "109"]
[EventDate "2002.06.08"]
[EventType "swiss"]
[EventRounds "4"]
[EventCountry "USA"]
[SourceTitle "EXT 2009"]
[Source "ChessBase"]
[SourceDate "2008.11.26"]
[SourceVersion "1"]
[SourceVersionDate "2008.11.26"]
[SourceQuality "1"]

1. e4 c6 2. d4 d5 3. Nd2 dxe4 4. Nxe4 Bf5 5. Ng3 Bg6 6. h4 h6 7. Nf3 Nd7 8. h5 Bh7 9. Bd3 Bxd3 10. Qxd3 Ngf6 11. Bd2 e6 12. 0-0-0 Bd6 13. c4 Qc7 14. Ne2 0-0-0 15. c5 Be7 16. Qa3 b6 17. cxb6 Nxb6 18. Qa6+ Qb7 19. Qxb7+ Kxb7 20. Ne5 Rhf8 21. Kb1 Nfd7 22. Be3 Nd5 23. Nc4 Nxe3 24. fxe3 Nf6 25. Rc1 Rc8 26. Nc3 Nd5 27. e4 Nxc3+ 28. Rxc3 Rfd8 29. Na5+ Kb6 30. Nb3 Rd7 31. Rhc1 Bf6 32. e5 Be7 33. Rc4 Rdc7 34. Nc5 Bxc5 35. dxc5+ Kb7 36. Rd1 Re8 37. Rg4 Rg8 38. Kc2 Kc8 39. Rd6 Kb7 40. Kc3 a5 41. b3 Re7 42. a3 Kc7 43. b4 axb4+ 44. axb4 Rd7 45. Kc4 Rxd6 46. exd6+ Kd7 47. Rg3 e5 48. b5 g5 49. Ra3 cxb5+ 50. Kd5 Rb8 51. c6+ Kc8 52. Ra7 Rb6 53. Kc5 Rb8 54. d7+ Kd8 55. c7+ 1-0

[Event "Kalamazoo op02"]
[Site "Kalamazoo"]
[Date "2000.02.19"]
[Round "1"]
[White "Roth, Bruce"]
[Black "Babcock, John"]
[Result "0-1"]
[WhiteElo "1439"]
[BlackElo "965"]
[PlyCount "110"]
[EventDate "2000.02.19"]
[EventType "swiss"]
[EventRounds "3"]
[EventCountry "USA"]
[SourceTitle "EXT 2007"]
[Source "ChessBase"]
[SourceDate "2006.11.23"]
[SourceVersion "1"]
[SourceVersionDate "2006.11.23"]
[SourceQuality "1"]

1. e4 e5 2. Nf3 Nc6 3. d4 exd4 4. Nxd4 Nxd4 5. Qxd4 Nf6 6. Nc3 c6 7. Bg5 Be7 8. f3 0-0 9. 0-0-0 a5 10. a3 Re8 11. Na4 b5 12. Nc5 Rb8 13. Bf4 Ra8 14. g3 d5 15. exd5 Qxd5 16. Qxd5 Nxd5 17. Nd3 Nxf4 18. Nxf4 Bg5 19. Kb1 Bxf4 20. gxf4 Bf5 21. Bd3 Bxd3 22. Rxd3 g6 23. Rhd1 Kf8 24. Rd6 Rac8 25. Kc1 Re2 26. R6d2 Rce8 27. h4 Rxd2 28. Kxd2 Rd8+ 29. Ke2 Rxd1 30. Kxd1 Ke7 31. Ke2 Ke6 32. Kd3 c5 33. c4 b4 34. axb4 axb4 35. Ke4 f5+ 36. Kd3 Kd6 37. Kc2 Kc6 38. Kb3 Kb6 39. Ka4 Ka6 40. Kb3 Ka5 41. Kc2 Ka4 42. Kb1 Kb3 43. Kc1 Kxc4 44. Kc2 Kd4 45. Kd2 c4 46. Kc2 Ke3 47. Kd1 Kxf3 48. Kd2 Kxf4 49. Ke2 Ke4 50. Kd2 Kf3 51. Ke1 Ke3 52. Kd1 f4 53. Ke1 f3 54. Kf1 c3 55. bxc3 bxc3 0-1

[Event "Kalamazoo op02"]
[Site "Kalamazoo"]
[Date "2000.02.19"]
[Round "3"]
[White "Roth, Bruce"]
[Black "Ringler, Dave"]
[Result "1-0"]
[WhiteElo "1439"]
[BlackElo "1127"]
[PlyCount "115"]
[EventDate "2000.02.19"]
[EventType "swiss"]
[EventRounds "3"]
[EventCountry "USA"]
[SourceTitle "EXT 2007"]
[Source "ChessBase"]
[SourceDate "2006.11.23"]
[SourceVersion "1"]
[SourceVersionDate "2006.11.23"]
[SourceQuality "1"]

1. e4 g6 2. Nf3 Bg7 3. d4 b6 4. c4 Bb7 5. Nc3 d6 6. Bf4 Nf6 7. d5 0-0 8. Qd2 Nbd7 9. Bh6 Bh8 10. Bxf8 Kxf8 11. Bd3 Nc5 12. Bc2 c6 13. 0-0 cxd5 14. exd5 Rc8 15. Rac1 Ncd7 16. b3 Ng4 17. h3 Nge5 18. Nxe5 Nxe5 19. f4 Nd7 20. f5 Kg8 21. Rf2 a6 22. a4 Qc7 23. Re1 Re8 24. Kh1 b5 25. axb5 axb5 26. Nxb5 Qc5 27. Rfe2 Bf6 28. Qe3 Qb4 29. fxg6 hxg6 30. Bxg6 Ne5 31. Bc2 Kf8 32. Nd4 Nd7 33. Nf3 Qc3 34. Qxc3 Bxc3 35. Rf1 Bb4 36. g4 e6 37. dxe6 fxe6 38. Kh2 Ke7 39. Ng5 Nc5 40. h4 Rf8 41. Rxf8 Kxf8 42. Nxe6+ Nxe6 43. Rxe6 Kf7 44. Re2 Bc5 45. Kg3 d5 46. cxd5 Bxd5 47. h5 Bd6+ 48. Kf2 Be6 49. Bf5 Bc5+ 50. Kf3 Bd5+ 51. Be4 Bxb3 52. Rg2 Kg7 53. g5 Bd1+ 54. Kf4 Bxh5 55. Bd5 Bd6+ 56. Kf5 Bg6+ 57. Ke6 Bc5 58. Rc2 1-0

[Event "Kalamazoo op09"]
[Site "Kalamazoo"]
[Date "1999.09.18"]
[Round "3"]
[White "Franklin, Stanley"]
[Black "Roth, Bruce"]
[Result "1-0"]
[WhiteElo "1631"]
[BlackElo "1507"]
[PlyCount "93"]
[EventDate "1999.09.18"]
[EventType "swiss"]
[EventRounds "3"]
[EventCountry "USA"]
[SourceTitle "EXT 2007"]
[Source "ChessBase"]
[SourceDate "2006.11.23"]
[SourceVersion "1"]
[SourceVersionDate "2006.11.23"]
[SourceQuality "1"]

1. e4 c6 2. d4 d5 3. e5 Bf5 4. Nf3 h6 5. Nc3 e6 6. h3 Nd7 7. g4 Bh7 8. Be3 Rc8 9. Bd3 Bxd3 10. Qxd3 c5 11. h4 cxd4 12. Nxd4 Nxe5 13. Qe2 Nc6 14. f4 Bb4 15. g5 Nge7 16. gxh6 gxh6 17. Qh5 Bc5 18. Nxe6 Qd6 19. Nxc5 Rb8 20. 0-0-0 d4 21. N3e4 Qg6 22. Qxg6 Nxg6 23. Nf6+ Ke7 24. Nd5+ Kd6 25. Bxd4 Nxd4 26. Rxd4 Kxc5 27. Rhd1 a5 28. h5 Nf8 29. Ne7 Ne6 30. Rd5+ Kb6 31. f5 Nf4 32. Rd6+ Kb5 33. b3 Rbe8 34. a4+ Kc5 35. f6 b5 36. Rc6+ Kb4 37. Kb2 bxa4 38. Rc4+ Kb5 39. Rxf4 axb3 40. cxb3 Ka6 41. Rd6+ Kb7 42. Rc4 Rd8 43. Rcd4 Ra8 44. Rd7+ Kb6 45. R4d6+ Kc5 46. Rc6+ Kb5 47. Rb7# 1-0

[Event "Kalamazoo op09"]
[Site "Kalamazoo"]
[Date "1999.09.18"]
[Round "2"]
[White "Mathews, Jeff"]
[Black "Roth, Bruce"]
[Result "1-0"]
[WhiteElo "1527"]
[BlackElo "1507"]
[PlyCount "111"]
[EventDate "1999.09.18"]
[EventType "swiss"]
[EventRounds "3"]
[EventCountry "USA"]
[SourceTitle "EXT 2007"]
[Source "ChessBase"]
[SourceDate "2006.11.23"]
[SourceVersion "1"]
[SourceVersionDate "2006.11.23"]
[SourceQuality "1"]

1. e4 c6 2. Nc3 d5 3. Nf3 h6 4. exd5 cxd5 5. Bb5+ Nc6 6. d4 e6 7. Bf4 Bd6 8. Ne5 Bd7 9. Nxf7 Kxf7 10. Bxd6 Nxd4 11. Qxd4 Bxb5 12. Qf4+ Nf6 13. Nxb5 Rc8 14. Bc7 e5 15. Bxd8 exf4 16. Nd6+ Kg6 17. Bxf6 Rxc2 18. Bc3 b6 19. Rf1 Rd8 20. Kd1 Rxc3 21. bxc3 Rxd6 22. Kd2 Kf5 23. Rae1 g5 24. Re7 a6 25. Rfe1 b5 26. Kd3 h5 27. Kd4 h4 28. h3 g4 29. R7e5+ Kg6 30. Re6+ Rxe6 31. Rxe6+ Kf5 32. Re5+ Kf6 33. hxg4 a5 34. f3 b4 35. cxb4 axb4 36. Rxd5 Ke6 37. Rh5 Kf6 38. Ke4 Kg6 39. Kxf4 Kf6 40. Ke4 Ke6 41. Rh6+ Kd7 42. Kd4 Ke7 43. Kc4 Kf7 44. Kxb4 Kg7 45. Rc6 Kf7 46. Kb5 Ke7 47. a4 Kd7 48. a5 Kd8 49. a6 Kd7 50. a7 h3 51. gxh3 Kd8 52. Rh6 Ke7 53. a8Q Kf7 54. Qb7+ Kg8 55. Rc6 Kf8 56. Rc8# 1-0

[Event "Grand Masters/Experts-ch"]
[Site "Lansing"]
[Date "1999.01.10"]
[Round "4"]
[White "Roth, Bruce"]
[Black "Choate, Eric"]
[Result "1-0"]
[WhiteElo "1605"]
[BlackElo "1605"]
[PlyCount "69"]
[EventDate "1999.??.??"]
[EventType "swiss"]
[EventRounds "5"]
[EventCountry "USA"]
[SourceTitle "EXT 2007"]
[Source "ChessBase"]
[SourceDate "2006.11.23"]
[SourceVersion "1"]
[SourceVersionDate "2006.11.23"]
[SourceQuality "1"]

1. e4 e5 2. Nf3 d6 3. Bc4 Bg4 4. h3 Bh5 5. 0-0 Nf6 6. Re1 Nc6 7. c3 Be7 8. d4 exd4 9. cxd4 0-0 10. Nc3 a6 11. a3 h6 12. b4 Nh7 13. Qd3 Bxf3 14. gxf3 Qd7 15. f4 Bh4 16. Ra2 Kh8 17. Bb3 Nxd4 18. Qxd4 Qxh3 19. Qe3 Qg4+ 20. Kf1 Rae8 21. Rd2 f5 22. Bd1 Qg6 23. Qh3 Bf6 24. exf5 Rxe1+ 25. Kxe1 Qe8+ 26. Re2 Bxc3+ 27. Qxc3 Qd7 28. Bc2 Nf6 29. Qd3 Qc6 30. f3 Nh5 31. Kf2 Nf6 32. Bb2 Nd5 33. f6 Nxf6 34. Bxf6 Rxf6 35. Qh7# 1-0